[Event "Treviso Lega op-B 2nd"]
[Site "Treviso"]
[Date "2018.03.03"]
[Round "2"]
[White "Tonon, Lorenzo"]
[Black "Bavaresco, Erik"]
[Result "0-1"]
[WhiteElo "1543"]
[BlackElo "1526"]
[PlyCount "84"]
[EventDate "2018.03.02"]
[EventType "swiss"]
[EventRounds "5"]
[EventCountry "ITA"]
[SourceTitle "EXT 2022"]
[Source "ChessBase"]
[SourceDate "2021.10.06"]
[SourceVersion "1"]
[SourceVersionDate "2021.10.06"]
[SourceQuality "1"]

1. e4 c5 2. d4 cxd4 3. c3 dxc3 4. Nxc3 Nc6 5. Nf3 e6 6. Bc4 Nge7 7. Qe2 g6 8. Bg5 Bg7 9. Rc1 a6 10. a4 0-0 11. h4 h6 12. Be3 d5 13. Rd1 Qa5 14. exd5 exd5 15. Ba2 Bg4 16. Bd2 Nd4 17. Nxd5 Qxd5 18. Bxd5 Nxe2 19. Be3 Nd4 20. Bxd4 Nxd5 21. Bxg7 Rfe8+ 22. Kf1 Kxg7 23. Rxd5 Bxf3 24. gxf3 Rac8 25. Rd7 Red8 26. Rxb7 Rc1+ 27. Kg2 Rxh1 28. Kxh1 Rd4 29. b3 Rxh4+ 30. Kg2 Rh5 31. Rb6 a5 32. Rb5 Kf6 33. Rb6+ Ke5 34. Rb7 Rf5 35. Kg3 Rg5+ 36. Kh3 f5 37. Rh7 Kf4 38. Rxh6 Kxf3 39. b4 axb4 40. a5 f4 41. a6 Ra5 42. Rxg6 Rh5# 0-1